000 00814nam a2200241 a 4500
001 000014716
003 DO-SdBNP
005 20240412074241.0
008 100119s2007 dr r 001 j spa d
020 _a9789945420333
040 _aDO-SdBNP
_bspa
_cBNPHU
082 4 _aRD863.44
_bD542t
_222
100 1 _aDíaz Melo, Ismael,
_d1962-
_933370
245 1 0 _aEn tono sepia :
_b(tríptico de narraciones breves) /
_cIsmael Díaz Melo.
260 _aSan Francisco de Macorís, República Dominicana :
_bRumbo Sur,
_c2007.
300 _a114 p. ;
_c18 cm.
500 _aIncluye datos biográficos del autor en la contracubierta.
590 _aInventariado, 2022/MFF
650 0 _aCuentos dominicanos
_9176
650 0 _aLiteratura dominicana.
_967
910 _aValidado. Control de calidad MFF
942 _2ddc
_cLBS1
999 _c14299
_d14299